Primárny hyperaldosteronizmus

Bibliographic Details
Main Author: Lazúrová, Ivica, 1958- (Author)
Format: Article
Language:Slovak
PhysicalDescription:Tab.
ISSN:1335-8359
Subjects:

MARC

LEADER 00000nab a2200000 a 4500
001 vtls000874752
003 SK-MaSNL
005 20260304131604.0
008 250429c2004 xo 0 slo
015 |a SNBRB2004/06-17216 
035 |a CLN000226304 
035 |a urn:nbn:sk:snk-ab32ak 
035 |a (urnnbn)urn:nbn:sk:snk:ar-a05js8 
035 |a (uuid)5afe89f3-a8d6-439d-854a-a914e21b9aa0 
040 |a SNKBUCL  |b slo  |c SNKBUCL  |e AACR2 
041 0 |a slo 
044 |a xo  |c SK 
080 |a 616.453-008.61-06-07  |2 1997 
100 1 |a Lazúrová, Ivica,  |d 1958-  |4 aut  |9 203142 
245 1 0 |a Primárny hyperaldosteronizmus  |c Ivica Lazúrová 
300 |b Tab. 
504 |a Res. angl., slov. 
504 |a Bibliogr. odkazy 
650 0 7 |a hyperaldosteronizmus  |2 MESH  |9 16644 
650 0 7 |a aldosterón  |2 MESH  |9 17662 
650 0 7 |a karcinóm  |2 MESH  |9 900579 
650 0 7 |a prevalencia  |2 MESH  |9 840846 
650 0 7 |a adenómy  |2 MESH  |9 29061 
650 0 7 |a kongenitálna adrenálna hyperplázia  |2 MESH  |9 255242 
650 0 7 |a moč  |2 MESH 
655 7 |a články z novín a časopisov  |2 snkbucl  |9 267496 
773 0 |t Interná medicína  |g Roč. 4, č. 2 (2004), s. 103-108  |x 1335-8359 
850 |a Slovenská národná knižnica 
852 |a Slovenská národná knižnica 
954 |a odborná, vedecká literatúra pôvodná (slovenská)  |2 lita 
958 |a article2022 
958 |a MI 
958 |a NB 
958 |a OND 
958 |a EUIPO 
999 |c 2897197  |d 2899127